Complete the Card - WWE Unforgiven 2001 - Statistics

General Stats
  • This quiz has been taken 202 times
  • The average score is 21 of 25
Answer Stats
Answer % Correct
Kurt Angle
100%
Kane
99%
Stone Cold Steve Austin
99%
The Rock
98%
The Undertaker
98%
Booker T
96%
Bubba Ray Dudley
96%
D-Von Dudley
96%
Edge
96%
Christian
94%
Jeff Hardy
94%
Matt Hardy
94%
Spike Dudley
94%
Chris Jericho
93%
Rob Van Dam
86%
The Big Show
83%
Shane McMahon
80%
Rhyno
71%
Tajiri
70%
Lance Storm
69%
Raven
63%
The Hurricane
59%
Brian Adams
58%
Bryan Clark
57%
Perry Saturn
54%
No matching quizzes found
Score Distribution
Percent of People with Each Score
Percentile by Number Answered
Your Score History
You have not taken this quiz